Представление документа в формате MARC21

Поле Инд. ПП Название Значение
Тип записи a
Библиографический уровень m
001 Контрольный номер 3c5ddf9c-9f01-411a-99b0-a0e5d4550248
005 Дата корректировки 20131122095209.9
008 Кодируемые данные 001218 d
020 a ISBN 5-09-002698-Х
c Цена, тираж 6.50
080 a Индекс УДК 514.743(075.8)
084 a Индекс другой классификации/Индекс ББК В151.51я731-1
090 a Полочн. индекс В151.5
x Авторский знак М23
100 1_ a Автор Мантуров Олег Васильевич
245 10 a Заглавие Элементы тензорного исчисления
b Продолж. заглавия учеб. пособие для студентов пед. ин-тов по физ.-мат. спец.
c Ответственность О. В. Мантуров
260 0_ a Место издания Москва
b Издательство Просвещение
c Дата издания 1991
300 a Объем 254,[1] с.
504 a Библиография Библиогр.: с.251.
650 a Основная рубрика Тензорное исчисление
x Основная подрубрика Учебники для вузов
653 a Ключевые слова Тензорное исчисление
a Ключевые слова Учебники
852 t Порядковый номер экземпляра 3
p Инвентарный номер 634091
p Инвентарный номер 634092
p Инвентарный номер 635164
863 t 00069919
863 t 00069920
863 t 00069921
930 a Новая/Ретро учебники
952 c Вид литературы К ру
999 a Подразделение 2 Фил3